The house of wisdom : (Record no. 18843)
[ view plain ]
| 000 -LEADER | |
|---|---|
| fixed length control field | 01170nam a2200313 i 4500 |
| 001 - CONTROL NUMBER | |
| control field | 015427206 |
| 003 - CONTROL NUMBER IDENTIFIER | |
| control field | EG-ScBUE |
| 005 - DATE AND TIME OF LATEST TRANSACTION | |
| control field | 20230710115036.0 |
| 008 - FIXED-LENGTH DATA ELEMENTS--GENERAL INFORMATION | |
| fixed length control field | 091117r20102009enkfo f 2b 001 0 eng d |
| 020 ## - INTERNATIONAL STANDARD BOOK NUMBER | |
| International Standard Book Number | 9781408801215 (pbk.) |
| 020 ## - INTERNATIONAL STANDARD BOOK NUMBER | |
| International Standard Book Number | 1408801213 (pbk.) |
| 040 ## - CATALOGING SOURCE | |
| Original cataloging agency | StDuBDS |
| Language of cataloging | eng |
| Description conventions | rda |
| Transcribing agency | StDuBDS |
| Modifying agency | EG-ScBUE |
| 082 04 - DEWEY DECIMAL CLASSIFICATION NUMBER | |
| Classification number | 909.09821 |
| Edition number | 22 |
| Item number | LYO |
| 100 1# - MAIN ENTRY--PERSONAL NAME | |
| Personal name | Lyons, Jonathan, |
| Relator term | author. |
| 9 (RLIN) | 37078 |
| 245 14 - TITLE STATEMENT | |
| Title | The house of wisdom : |
| Remainder of title | how the Arabs transformed Western civilization / |
| Statement of responsibility, etc | Jonathan Lyons. |
| 264 ## - PUBLICATION, DISTRIBUTION, ETC. (IMPRINT) | |
| Place of publication, distribution, etc | London : |
| Name of publisher, distributor, etc | Bloomsbury, |
| Date of publication, distribution, etc | 2010. |
| 300 ## - PHYSICAL DESCRIPTION | |
| Extent | xvii, 248 pages : |
| Other physical details | photographs, plates ; |
| Dimensions | 20 cm. |
| 336 ## - CONTENT TYPE | |
| Source | rdacontent |
| Content type term | text |
| Content type code | txt |
| 337 ## - MEDIA TYPE | |
| Source | rdamedia |
| Media type term | unmediated |
| Media type code | n |
| 338 ## - CARRIER TYPE | |
| Source | rdacarrier |
| Carrier type term | volume |
| Carrier type code | nc |
| 504 ## - BIBLIOGRAPHY, ETC. NOTE | |
| Bibliography, etc | Includes bibliographical references and index.<br/> |
| 650 #7 - SUBJECT ADDED ENTRY--TOPICAL TERM | |
| Topical term or geographic name as entry element | Civilization, Western |
| General subdivision | Arab influences. |
| Source of heading or term | BUEsh |
| 9 (RLIN) | 37079 |
| 650 #7 - SUBJECT ADDED ENTRY--TOPICAL TERM | |
| Topical term or geographic name as entry element | Learning and scholarship |
| Geographic subdivision | Arab countries |
| General subdivision | History |
| Chronological subdivision | Medieval, 500-1500. |
| Source of heading or term | BUEsh |
| 9 (RLIN) | 37080 |
| 650 #7 - SUBJECT ADDED ENTRY--TOPICAL TERM | |
| Topical term or geographic name as entry element | East and West. |
| Source of heading or term | BUEsh |
| 9 (RLIN) | 37081 |
| 651 #7 - SUBJECT ADDED ENTRY--GEOGRAPHIC NAME | |
| Geographic name | Arab countries |
| General subdivision | Intellectual life. |
| Source of heading or term | BUEsh |
| 9 (RLIN) | 37082 |
| 653 ## - INDEX TERM--UNCONTROLLED | |
| Resource For college | BAEPS, Political Science |
| Arrived date list | January2015 |
| 655 ## - INDEX TERM--GENRE/FORM | |
| Form subdivision | Reading book |
| 942 ## - ADDED ENTRY ELEMENTS (KOHA) | |
| Source of classification or shelving scheme | Dewey Decimal Classification |
| Call number prefix | 909.09821 LYO |
| Koha item type | Book - Borrowing |
| Withdrawn status | Lost status | Source of classification or shelving scheme | Damaged status | Not for loan | Collection code | Home library | Current library | Shelving location | Date acquired | Source of acquisition | Cost, normal purchase price | Serial Enumeration / chronology | Total Checkouts | Total Renewals | Full call number | Barcode | Date last seen | Date checked out | Cost, replacement price | Price effective from | Koha item type |
|---|---|---|---|---|---|---|---|---|---|---|---|---|---|---|---|---|---|---|---|---|---|
| Dewey Decimal Classification | Baccah | Central Library | Central Library | Second Floor | 11/01/2015 | 133.00 | 21291 | 3 | 10 | 909.09821 LYO | 000037261 | 18/02/2026 | 03/01/2026 | 166.00 | 11/01/2015 | Book - Borrowing |